| 000 | 00457nam a2200145 a 4500 | ||
|---|---|---|---|
| 005 | 20140412111423.0 | ||
| 008 | 080201s19uu xx 00 eng d | ||
| 020 | _a971-518-126-6 | ||
| 050 |
_aFil E _bBo63 2007 |
||
| 100 | _aPastor, Boots | ||
| 245 |
_aThe boy who cried wolf : _bAng Batang nagsinungaling tungkol sa Lobo / _cBoots Pastor. |
||
| 260 |
_aPhilippines : _bLampara Publishing, _c2007. |
||
| 440 | _aStories with moral lessons | ||
| 999 |
_c106142 _d106142 |
||